Politiques agricoles dans les pays en transition évolution des mesures gouvernementales et du soutien

Enregistré dans:
Détails bibliographiques
Format: Livre
Langue:français
Publié: Paris OECD 2002
Sujets:
Tags: Ajouter un tag
Pas de tags, Soyez le premier à ajouter un tag!

MARC

LEADER 00000nam a2200000 4500
001 c140074
005 20251216123101.6
020 |a 92-64-29910-6 
041 0 |a fre 
044 |a FR 
245 1 0 |a Politiques agricoles dans les pays en transition  |b évolution des mesures gouvernementales et du soutien 
264 1 |a Paris  |b OECD  |c 2002 
300 |a 156 s. 
610 2 0 |a politika poľnohospodárska 
610 2 0 |a poľnohospodárstvo 
610 2 0 |a podpora podnikania 
610 2 0 |a politika obchodná 
610 2 0 |a transformácia 
610 2 0 |a krajiny tranzitívne 
610 2 0 |a makroekonomika 
610 2 0 |a situácia hospodárska 
610 2 0 |a rozvoj hospodársky 
610 2 0 |a trh 
610 2 0 |a ceny 
610 2 0 |a Európa 
610 2 0 |a Rusko 
610 2 0 |a politika štruktúrna 
610 2 0 |a SVE 
610 2 0 |a stredná Európa 
610 2 0 |a východná Európa